000 00608cam a2200193 4500500
005 20260405004025.0
041 _afre
042 _adc
100 1 0 _aOrtoli, Sven
_eauthor
245 0 0 _aÉdito : le renard et le sanglier
260 _c2018.
500 _a100
690 _aMichel Serres
690 _aPhilosophe
690 _aRuse
690 _aSanglier
786 0 _nPhilosophie magazine - Hors séries | Hors-série Autome-Hiver 2018 | HS39 | 2018-10-01 | p. 1-1 | 2104-9246
856 4 1 _uhttps://shs.cairn.info/magazine-philosophie-magazine-2018-hs39-page-1?lang=fr&redirect-ssocas=7080
999 _c2073005
_d2073005